000 00558nam a2200217Ia 4500
003 OSt
005 20220928141053.0
006 a|||||r|||| 00| 0
007 ta
008 220927b |||||||| |||| 00| 0 eng d
024 _a13464
037 _cTextual
040 _aSDCL
_cSDCL
_beng
041 _2eng
_aeng
082 _aO-,6L92x, J4
100 _aClark David Lee
_9498922
245 0 _aShelley's prose or the trumpet of a prophecy.
260 _c1954
942 _hO-,6L92x, J4
_cTEXL
_2CC
999 _c815873
_d815873